000
00281nam a22001337a 4500
003
SGT
020
_a
978-81-8204-043-4
082
_a
641.3
_b
SIN
100
_a
SINGH, D.K.
245
_a
FOOD PRESENTATION
260
_a
DELHI
_b
AMAN PUB.
_c
2018
300
_a
264
942
_2
ddc
_c
BK
999
_c
21035
_d
21035